00258nam a2200097Ia 4500001000800000005001700008008004100025020001800066245005800084260001800142128670020260417164402.0260417s9999 xx 000 0 und d a9786256030688 0aAziz Sancar – Dna’nın Şifresini Çözen Dahi bDokuz Çocuk